FNM SR urýchľuje koniec privatizácie

Bibliographic Details
Main Author: Vavřinek, Martin (Author)
Format: Article
Language:Slovak
PhysicalDescription:Tab.
ISSN:1335-0684
Subjects:

MARC

LEADER 00000nab a2200000 a 4500
001 vtls000804149
003 SK-MaSNL
005 20260302151522.0
008 180205c2002 xo 0 slo
015 |a SNBRB2002/09-29056 
035 |a CLN000155804 
040 |a SNKBUCL  |b slo  |c SNKBUCL  |e AACR2 
041 0 |a slo 
044 |a xo  |c SK 
080 |a 338.246(437.6)  |2 UDC-MRF-SK2 
100 1 |a Vavřinek, Martin  |4 aut  |9 274606 
245 1 0 |a FNM SR urýchľuje koniec privatizácie  |c Martin Vavřinek 
300 |b Tab. 
650 0 7 |a privatizácia  |z Slovensko  |y 2002  |2 snkbucl  |9 843191 
655 7 |a články z novín a časopisov  |2 snkbucl  |9 267496 
773 0 |x 1335-0684  |t Trend  |g Roč. 12, č. 32 (2002), s. 1A 
850 |a Slovenská národná knižnica v Martine 
852 |a SNK  |b KIS3GCP 
958 |a RBX 
999 |c 1360100  |d 1362030